00000000nam##2200000za#4500
0019.650266
003CaOODSP
00520210705115227
007ta
008150407|2006||||xxc|||||     f|0| 0 eng|d
020 |a1-55392-826-1
040 |aCaOODSP|beng
043 |an-cn---
0861 |aH118-39/1-2006E
1101 |aCanada. |bCanadian Institute for Health Information.
24510|aPan-Canadian primary health care indicators, report 1, volume 1
2463 |aPan-Canadian Primary Health Care Indicator Development Project, report 1, volume 1
260 |aOttawa - Ontario : |bCanadian Institute for Health Information |c2006.
300 |ax, 96p. : |breferences, tables ; |c28 cm.
500 |aThe print edition is NOT available to selective depositories or the general public. CIHI only printed enough copies for full depository libraries.
5203 |aThis report series reflects the outcome of a collaborative process to develop a list of agreed-upon PHC indicators across Canada. Report 1, Volume 1 presents the context and background for the 105 agreed upon indicators. Report 1, Volume 2 includes detailed technical specifications for each of the 105 indicators. Please note that the indicators have been rated by experts for face validity and importance but not yet field tested. A companion report outlining options for enhancing the pan-Canadian data collection infrastructure is also available.
563 |aSpiral binding
590 |a06-33|b2006-08-18
69007|aHealth care|2gcpds
69007|aIndicators|2gcpds
77508|tIndicateurs pancanadiens de soins de santé primaires, rapport 1, volume 1 |w(CaOODSP)9.683386
7760#|tPan-Canadian primary health care indicators, report 1, volume 1 |w(CaOODSP)9.688683